La caficultura como patrimonio cultural, social y productivo. Paisaje cultural cafetero de Colombia (Registro nro. 307626)
[ vista simple ]
| 000 -ENCABEZADO | |
|---|---|
| Número de control [NR] | 01304 a2200265 4500 |
| 005 - FECHA Y HORA DE LA ÚLTIMA TRANSACCIÓN | |
| control field | 20171013092620.0 |
| 008 - DE LONGITUD FIJA DE DATOS DE ELEMENTOS - INFORMACIÓN GENERAL | |
| Elementos de longitud fija [NR] | 171013s2016 ck o||||r|||| 00| 0 spa d |
| 020 ## - NUMERO INTERNACIONAL NORMALIZADO PARA LIBROS [R] | |
| Número Internacional Normalizado del libro [NR] | 9789589800881 |
| 040 ## - FUENTE DE CATALOGACION [NR] | |
| Agencia de catalogación original [NR] | CO-BoUCM |
| Idioma de catalogación [NR] | spa |
| Quien Cataloga | Sandra Palacio |
| Quien Clasifica | Sandra Palacio |
| 041 0# - CODIGO DE IDIOMA [R] | |
| Código de idioma para texto/pista de sonido o título separado [R] | Español |
| 110 1# - ASIENTO PRINCIPAL--NOMBRE CORPORATIVO [NR] | |
| Nombre corporativo o de jurisdicción como elemento de entrada [NR] | Ministerio de Cultura |
| ID de autoridad | 59470 |
| 245 13 - MENCION DE TITULO [NR] | |
| Título [NR] | La caficultura como patrimonio cultural, social y productivo. Paisaje cultural cafetero de Colombia |
| Parte restante del título [NR] | Cinco años como patrimonio mundial. Gestiones interinstitucionales en el marco del plan de manejo del paisaje cultural cafetero entre 2011 y diciembre de 2015 |
| Mención de responsabilidad, etc. [NR] | Ministerio de Cultura |
| 246 ## - FORMA VARIANTE DEL TITULO [R] | |
| Título propiamente dicho/forma breve del título [NR] | Paisaje cultural cafetero de Colombia |
| Parte restante del título [NR] | Cinco años como patrimonio mundial |
| 260 ## - PUBLICACION, DISTRIBUCION, ETC. (PIE DE IMPRENTA) [R] | |
| Nombre del editor, distribuidor, etc. [R] | Ministerio de Cultura |
| Lugar de publicación, distribución, etc. [R] | Bogotá (Colombia) |
| Fecha de publicación, distribución, etc. [R] | 2016 |
| 300 ## - DESCRIPCION FISICA [R] | |
| Extensión [R] | 230 páginas |
| Otros detalles físicos [NR] | fotografías |
| 650 17 - ASIENTO SECUNDARIO DE MATERIA - TERMINO TEMATICO [R] | |
| 9 (RLIN) | 87699 |
| Término temático o nombre geográfico como elemento de entrada [NR] | Trabajadores del café |
| Subdivisión general [R] | Aspectos sociales |
| 650 #7 - ASIENTO SECUNDARIO DE MATERIA - TERMINO TEMATICO [R] | |
| 9 (RLIN) | 7901 |
| Término temático o nombre geográfico como elemento de entrada [NR] | Patrimonio cultural |
| Subdivisión general [R] | Cafeteros |
| Subdivisión geográfica [R] | Colombia |
| 650 #7 - ASIENTO SECUNDARIO DE MATERIA - TERMINO TEMATICO [R] | |
| Término temático o nombre geográfico como elemento de entrada [NR] | Ordenamiento territorial |
| Subdivisión geográfica [R] | Colombia |
| 9 (RLIN) | 41757 |
| 651 ## - ASIENTO SECUNDARIO DE MATERIA - NOMBRE GEOGRAFICO [R] | |
| Fuente del encabezamiento o término [NR] | Colombia |
| Nombre geográfico [NR] | Zona cafetera |
| 9 (RLIN) | 87723 |
| 710 1# - ASIENTO SECUNDARIO - NOMBRE CORPORATIVO [R] | |
| Nombre corporativo o de jurisdicción como elemento de entrada [NR] | Federación Nacional de Cafeteros de Colombia |
| 9 (RLIN) | 4224 |
| 710 1# - ASIENTO SECUNDARIO - NOMBRE CORPORATIVO [R] | |
| Nombre corporativo o de jurisdicción como elemento de entrada [NR] | Universidad Nacional de Colombia |
| 9 (RLIN) | 3820 |
| 710 1# - ASIENTO SECUNDARIO - NOMBRE CORPORATIVO [R] | |
| Nombre corporativo o de jurisdicción como elemento de entrada [NR] | Universidad de Caldas |
| 9 (RLIN) | 4708 |
| 942 ## - ELEMENTOS DE ENTRADA AGREGADOS (KOHA) | |
| Tipo de ítem principal el descrito en 300a | Libro |
| Sistema de clasificación | DEWEY |
| Tema principal | Sociología |
| Edición | 1 |
| Clasificación | 307.109861 |
| Parte restante de la signatura top. | C129cp |
| Fecha de último préstamo | Total préstamos | Total Renewals | Signatura topográfica | Código de barras | Última vez visto | Ejemplar | Costo de reposición | Price effective from | Tipo de ítem | Perdido | Sistema de clasificación | Dañado | No prestable | Tipo de ítem específico | Suprimido | Ubicación habitual | Ubicación actual | Localización | Fecha de creación | Proveedor | Forma de adquisición | Costo |
|---|---|---|---|---|---|---|---|---|---|---|---|---|---|---|---|---|---|---|---|---|---|---|
| 03/12/2019 | 2 | 2 | 307.109861 C129cp | 100154090 | 10/12/2025 | Ej.1 | 26000.00 | 09/10/2017 | Libro | DEWEY | Libro | Claustro | Claustro | 2do piso | 09/10/2017 | 12 | Donación | 0.00 |